• 首页
  • 本馆介绍
  • 公告通知
  • 最新文献
  • 馆藏检索
  • 电子资源
  • 读者导购
  • 参考咨询
  • 我的图书馆
  • 登录
  • 详细信息显示
  • 放入我的书架
  • 预约/预借图书
  • 作者相关作品
  • 分类相关作品
  • 丛书相关作品
  • 出版社相关作品

书目信息

  • 表格格式
  • 工作单格式
  • 卡片格式
题名:
科技创新的艺术
    
 
作者: 栾玉广 著
分册:  
出版信息: 北京   科学出版社  2000
页数: 415页
开本: 20cm
丛书名: 中国科学院研究生教学丛书
单 册:
中图分类: G304
科图分类:
主题词: 科学方法论--理论
电子资源:
ISBN: 7-03-008227-3
000 00769nam0 2200241 450
001 0536331218
005 20051101100948.82
010    @a7-03-008227-3@dCNY25.00
092    @aCN
100    @a20051101d2000 km y0chiy0120 ea
101 0  @achi
102    @aCN@b110000
200 1  @a科技创新的艺术@Ake ji chuang xin de yi shu@f栾玉广等著@Fluan yu guang deng zhu
210    @a北京@c科学出版社@d2000
215 1  @a415页@d20cm
225    @a中国科学院研究生教学丛书@i现代科学技术与辩证唯物主义博士生系列教材之二
461  0 @12001 @a中国科学院研究生教学丛书
462  0 @12001 @a现代科学技术与辩证唯物主义博士生系列教材之二
606 0  @a科学方法论@x理论
690    @aG304@v4
701  0 @a栾玉广@Aluan yu guang@4著
801  0 @aCN@bPFT@c20051101
905    @a10447@dG304@e112
    
    科技创新的艺术/栾玉广等著.-北京:科学出版社,2000
    415页;20cm.-(中国科学院研究生教学丛书.现代科学技术与辩证唯物主义博士生系列教材之二)
    
    
    ISBN 7-03-008227-3:CNY25.00
    
●
相关链接 在E读中查询图书 在五车中查询图书 在当当中查询图书 在豆瓣中查询图书


正题名:科技创新的艺术     索取号:G304/112         预约/预借

序号 登录号 条形码 馆藏地/架位号 状态 备注
1 0337529   203375294   第一样本阅览室/ [索取号:G304/112] 在馆    
2 0337530   203375301   第四借阅区/ [索取号:G304/112] 在馆    
3 0337531   203375310   第四借阅区/ [索取号:G304/112] 在馆    
唐山师范学院图书馆 欢迎您!
大连网信软件有限公司© 版权所有